El siglo de hierro: cambio social en Europa, 1550-1660
Enregistré dans:
| Auteur principal: | |
|---|---|
| Format: | Livre |
| Langue: | espagnol |
| Publié: |
Madrid
Alianza
1982
|
| Édition: | 2a. ed |
| Collection: | Alianza Universidad
|
| Sujets: | |
| Tags: |
Ajouter un tag
Pas de tags, Soyez le premier à ajouter un tag!
|
MARC
| LEADER | 00000nam a2200000 a 4500 | ||
|---|---|---|---|
| 001 | UCP9965 | ||
| 003 | CL-VaPUC | ||
| 008 | 000407e19820000SP |||||||||||||||||spa|d | ||
| 082 | 0 | 4 | |a 940.22 |b KAM |2 21 |
| 100 | |a Kamen, Henry |e author |9 548246 | ||
| 245 | 1 | 3 | |a El siglo de hierro: cambio social en Europa, 1550-1660 |
| 250 | |a 2a. ed | ||
| 300 | |a 550 p | ||
| 942 | |c BK | ||
| 945 | |d 20000407 00:00:00 |a rherrera | ||
| 260 | |a Madrid |b Alianza |c 1982 | ||
| 650 | 0 | |a Historia de Europa |9 392003 | |
| 650 | 0 | |a Cambios sociales |9 373014 | |
| 650 | 7 | |a CRISIS |2 CL-VaPUC |9 328300 | |
| 650 | 0 | |a Capitalismo |9 255255 | |
| 650 | 7 | |a FE Y RAZON |2 CL-VaPUC |9 440961 | |
| 650 | 0 | |a Siglos 16-17 |9 319315 | |
| 651 | 0 | |a Europa |9 255156 | |
| 583 | |a last modification |c 20000407 00:00:00 |k Rodrigo Vera | ||
| 490 | 0 | |a Alianza Universidad | |
| 999 | |c 286745 |d 286743 | ||
| 952 | |0 0 |1 0 |4 0 |6 940_220000000000000_KAM_1982 |7 0 |8 A |9 332853 |a BIBHIS |b BIBHIS |d 2019-11-20 |i 1263668 |o 940.22 KAM 1982 |p 1263668 |r 2025-01-20 |w 2019-11-20 |y BK |k HIS | ||
| 952 | |0 0 |1 0 |4 0 |6 940_220000000000000_KAM_1982 |7 0 |8 A |9 332854 |a BIBHIS |b BIBHIS |d 2019-11-20 |i 1263676 |o 940.22 KAM 1982 |p 1263676 |r 2025-01-20 |w 2019-11-20 |y BK |k HIS | ||
| 952 | |0 0 |1 0 |4 0 |6 940_220000000000000_KAM_1982 |7 0 |8 A |9 332855 |a BIBHIS |b BIBHIS |d 2019-11-20 |i 1263684 |o 940.22 KAM 1982 |p 1263684 |r 2025-01-20 |w 2019-11-20 |y BK |k HIS | ||
| 952 | |0 0 |1 0 |4 0 |6 940_220000000000000_KAM_1982 |7 0 |8 A |9 332856 |a BIBCUR |b BIBCUR |d 2019-11-20 |i 351322K |o 940.22 KAM 1982 |p 351322K |r 2025-04-22 |w 2019-11-20 |y BK |k FIS | ||